000 00285nam a22000977a 4500
008 160622b xxu||||| |||| 00| 0 eng d
100 _aMburu, S.
245 _aLonghorn Secondary Computer Studies
260 _aNairobi
_bLonghorn
_c2004
500 _aTo be returned to high school upon return
999 _c16012
_d16012